000 01546cam a22004574i 4500
003 PE-LiUPU
005 20250731165424.0
008 160129s2012 pe a grm 000 0 spa d
035 _a(Sirsi) a155844
040 _aPE-LiUPU
_bspa
_cPE-LiUPU
_erda
099 _aTPS 4
_bV23 2012
100 1 _aVallejos Atalaya, María
_eautor
245 1 3 _aLa motivación, la actitud hacia las ciencias, la ansiedad y las estrategias metacognitivas de lectura en el rendimiento de los estudiantes universitarios: un análisis longitudinal /
_cMaría Vallejos Atalaya.
264 0 _c2012.
300 _a276 hojas :
_bilustraciones;
_c30 cm
336 _atext
_2rdacontent
337 _aunmediated
_2rdamedia
338 _avolume
_2rdacarrier
502 _aTesis
_b(Dr.) --
_cUniversidad Complutense de Madrid,
_d2012.
504 _aIncluye referencias
520 3 _axxxxxxxxxxxxx
526 _aSEG44
526 _aSEG26
526 _aP151
526 _aP150
526 _aP149
526 _aP146
526 _aP145
526 _aP126
526 _aP125
526 _aP92
526 _aP75
526 _aP74
526 _aP27
526 _aP15
650 0 4 _aEmociones y sentimientos
_xRendimiento académico
_xEstudiantes universitarios
_vTesis doctorales.
650 0 4 _aPsicología de la educación
_vTesis doctorales.
596 _a1
942 _2ddc
_cTESIS
999 _aTPS 4 V23 2012
_wALPHANUM
_c8521
_iT01868
_lCCODEBUL3
_mBUL
_r1
_sY
_tTESIS
_u2016-1-29
_xPOSGRADO
_zUNKNOWN
_o.STAFF. Tesis
_d8521
980 _81
_gALBERTO SANCHEZ Responsable de Automatización